<?xml version="1.0" encoding="UTF-8"?>
<record
    xmlns:xsi="http://www.w3.org/2001/XMLSchema-instance"
    xsi:schemaLocation="http://www.loc.gov/MARC21/slim http://www.loc.gov/standards/marcxml/schema/MARC21slim.xsd"
    xmlns="http://www.loc.gov/MARC21/slim">

  <leader>01163cam a2200349 ib4500</leader>
  <controlfield tag="001">802502</controlfield>
  <controlfield tag="003">INLPI</controlfield>
  <controlfield tag="005">20250903133224.0</controlfield>
  <controlfield tag="008">240502s2023    ch a   g      000 0 chi d</controlfield>
  <datafield tag="020" ind1=" " ind2=" ">
    <subfield code="a">9786267299333</subfield>
    <subfield code="q">(&#x5E73;&#x88DD;) :</subfield>
    <subfield code="c">NT$400</subfield>
  </datafield>
  <datafield tag="040" ind1=" " ind2=" ">
    <subfield code="a">NLPI</subfield>
    <subfield code="b">chi</subfield>
    <subfield code="c">NLPI</subfield>
    <subfield code="d">NLPI</subfield>
    <subfield code="e">rda</subfield>
  </datafield>
  <datafield tag="042" ind1=" " ind2=" ">
    <subfield code="a">nbic</subfield>
  </datafield>
  <datafield tag="084" ind1=" " ind2=" ">
    <subfield code="a">494.35</subfield>
    <subfield code="2">ncsclt</subfield>
  </datafield>
  <datafield tag="090" ind1=" " ind2=" ">
    <subfield code="a">494.35</subfield>
  </datafield>
  <datafield tag="100" ind1="1" ind2=" ">
    <subfield code="a">&#x80E1;&#x541B;&#x6885;,</subfield>
    <subfield code="e">&#x6587;&#x5B57;&#x4F5C;&#x8005;</subfield>
  </datafield>
  <datafield tag="245" ind1="1" ind2="0">
    <subfield code="a">&#x4E0A;&#x73ED;&#x4E0D;&#x518D;&#x5FC3;&#x597D;&#x7D2F; :</subfield>
    <subfield code="b">&#x8077;&#x5834;&#x4EBA;&#x5FC5;&#x5099;&#x7684;32&#x500B;&#x6B63;&#x5FF5;&#x7DF4;&#x7FD2; /</subfield>
    <subfield code="c">&#x80E1;&#x541B;&#x6885;&#x8457; ; &#x80E1;&#x6167;&#x73B2;&#x7E6A;</subfield>
  </datafield>
  <datafield tag="246" ind1="3" ind2=" ">
    <subfield code="a">&#x8077;&#x5834;&#x4EBA;&#x5FC5;&#x5099;&#x7684;&#x4E09;&#x5341;&#x4E8C;&#x500B;&#x6B63;&#x5FF5;&#x7DF4;&#x7FD2;</subfield>
  </datafield>
  <datafield tag="246" ind1="3" ind2="0">
    <subfield code="a">&#x8077;&#x5834;&#x4EBA;&#x5FC5;&#x5099;&#x7684;32&#x500B;&#x6B63;&#x5FF5;&#x7DF4;&#x7FD2;</subfield>
  </datafield>
  <datafield tag="250" ind1=" " ind2=" ">
    <subfield code="a">&#x7B2C;&#x4E00;&#x7248;</subfield>
  </datafield>
  <datafield tag="260" ind1=" " ind2=" ">
    <subfield code="a">&#x81FA;&#x5317;&#x5E02;</subfield>
    <subfield code="b">&#x5929;&#x4E0B;&#x751F;&#x6D3B;&#x51FA;&#x7248;&#x80A1;&#x4EFD;&#x6709;&#x9650;&#x516C;&#x53F8;,</subfield>
    <subfield code="c">2023.10</subfield>
  </datafield>
  <datafield tag="264" ind1=" " ind2="1">
    <subfield code="a">&#x81FA;&#x5317;&#x5E02; :</subfield>
    <subfield code="b">&#x5929;&#x4E0B;&#x751F;&#x6D3B;&#x51FA;&#x7248;&#x80A1;&#x4EFD;&#x6709;&#x9650;&#x516C;&#x53F8;,</subfield>
    <subfield code="c">2023.10</subfield>
  </datafield>
  <datafield tag="300" ind1=" " ind2=" ">
    <subfield code="a">209&#x9762; :</subfield>
    <subfield code="b">&#x90E8;&#x5206;&#x5F69;&#x5716; ;</subfield>
    <subfield code="c">21&#x516C;&#x5206;</subfield>
  </datafield>
  <datafield tag="336" ind1=" " ind2=" ">
    <subfield code="a">&#x6587;&#x5B57;</subfield>
    <subfield code="b">txt</subfield>
    <subfield code="2">rdacontent.</subfield>
  </datafield>
  <datafield tag="336" ind1=" " ind2=" ">
    <subfield code="a">&#x975C;&#x614B;&#x5F71;&#x50CF;</subfield>
    <subfield code="b">sti</subfield>
    <subfield code="2">rdacontent.</subfield>
  </datafield>
  <datafield tag="337" ind1=" " ind2=" ">
    <subfield code="a">&#x7121;&#x5A92;&#x4ECB;</subfield>
    <subfield code="b">n</subfield>
    <subfield code="2">rdamedia.</subfield>
  </datafield>
  <datafield tag="338" ind1=" " ind2=" ">
    <subfield code="a">&#x6210;&#x518A;</subfield>
    <subfield code="b">nc</subfield>
    <subfield code="2">rdacarrier.</subfield>
  </datafield>
  <datafield tag="490" ind1="1" ind2=" ">
    <subfield code="a">&#x5FC3;&#x6642;&#x4EE3; ;</subfield>
    <subfield code="v">5.</subfield>
  </datafield>
  <datafield tag="650" ind1=" " ind2="7">
    <subfield code="a">&#x8077;&#x5834;&#x6210;&#x529F;&#x6CD5;</subfield>
    <subfield code="2">lcstt.</subfield>
  </datafield>
  <datafield tag="700" ind1="1" ind2=" ">
    <subfield code="a">&#x80E1;&#x6167;&#x73B2;,</subfield>
    <subfield code="e">&#x63D2;&#x5716;&#x8005;</subfield>
  </datafield>
  <datafield tag="830" ind1=" " ind2="0">
    <subfield code="a">&#x5FC3;&#x6642;&#x4EE3; ;</subfield>
    <subfield code="v">5.</subfield>
  </datafield>
  <datafield tag="942" ind1=" " ind2=" ">
    <subfield code="2">ccl</subfield>
    <subfield code="c">BOOK</subfield>
  </datafield>
  <datafield tag="999" ind1=" " ind2=" ">
    <subfield code="c">7671</subfield>
    <subfield code="d">7671</subfield>
  </datafield>
  <datafield tag="952" ind1=" " ind2=" ">
    <subfield code="0">0</subfield>
    <subfield code="1">0</subfield>
    <subfield code="2">ccl</subfield>
    <subfield code="4">0</subfield>
    <subfield code="7">0</subfield>
    <subfield code="a">yeezen</subfield>
    <subfield code="b">yeezen</subfield>
    <subfield code="c">YEEZEN</subfield>
    <subfield code="d">2025-09-03</subfield>
    <subfield code="l">8</subfield>
    <subfield code="m">2</subfield>
    <subfield code="o">494.35</subfield>
    <subfield code="p">C03257</subfield>
    <subfield code="r">2026-03-16 00:00:00</subfield>
    <subfield code="s">2026-03-10</subfield>
    <subfield code="w">2025-09-03</subfield>
    <subfield code="y">BOOK</subfield>
    <subfield code="z">&#x8DF3;&#x812B;&#x58D3;&#x529B;&#x5C71;&#x5927;&#xFF0B;&#x8EAB;&#x5FC3;&#x8017;&#x7AED;&#x7684;&#x7121;&#x9650;&#x8FF4;&#x5708;, &#x9664;&#x4E86;&#x96E2;&#x8077;,&#x4F60;&#x9084;&#x6709;&#x66F4;&#x597D;&#x7684;&#x9078;&#x64C7;! &#x5C0D;&#x61C9;&#x4E0A;&#x73ED;&#x65CF;&#x5F9E;&#x65E9;&#x5230;&#x665A;&#x6703;&#x9047;&#x5230;&#x7684;&#x5404;&#x7A2E;&#x60C5;&#x5883;, 32&#x500B;&#x5E36;&#x4F60;&#x77AC;&#x9593;&#x9032;&#x5165;&#x6B63;&#x5FF5;&#x89BA;&#x5BDF;&#x7684;&#x7C21;&#x55AE;&#x7DF4;&#x7FD2;, &#x79D2;&#x901F;&#x6062;&#x5FA9;&#x8EAB;&#x5FC3;&#x5E73;&#x8861;,&#x6C38;&#x4FDD;&#x5DE5;&#x4F5C;&#x539F;&#x52D5;&#x529B;!</subfield>
  </datafield>
</record>
